Active galactic nuclei (Record no. 9611)

MARC details
000 -LEADER
fixed length control field 00707nam a2200217Ia 4500
003 - CONTROL NUMBER IDENTIFIER
control field IN-BaIIA
008 - FIXED-LENGTH DATA ELEMENTS--GENERAL INFORMATION
fixed length control field 211028s9999 xx 000 0 eng d
020 ## - INTERNATIONAL STANDARD BOOK NUMBER
International Standard Book Number 0-7923-0257-5
040 ## - CATALOGING SOURCE
Transcribing agency IIA Library
080 ## - UNIVERSAL DECIMAL CLASSIFICATION NUMBER
Universal Decimal Classification number 082.2:52
Item number IAU-S134
245 #0 - TITLE STATEMENT
Title Active galactic nuclei
Statement of responsibility, etc. edited by D. E. Osterbrock and J. S. Miller
260 ## - PUBLICATION, DISTRIBUTION, ETC.
Place of publication, distribution, etc. Dordrecht
Name of publisher, distributor, etc. Kluwer Academic
Date of publication, distribution, etc. 1989
300 ## - PHYSICAL DESCRIPTION
Extent xxxii, 592p.
490 ## - SERIES STATEMENT
Series statement IAU Symposium; no. 134
650 ## - SUBJECT ADDED ENTRY--TOPICAL TERM
Topical term or geographic name entry element Active galactic nuclei
9 (RLIN) 6209
650 ## - SUBJECT ADDED ENTRY--TOPICAL TERM
Topical term or geographic name entry element Astronomy and Astrophysics thesaurus
650 ## - SUBJECT ADDED ENTRY--TOPICAL TERM
Topical term or geographic name entry element Galactic nuclei
9 (RLIN) 3453
700 ## - ADDED ENTRY--PERSONAL NAME
Personal name Miller, J. S., ed.
9 (RLIN) 16203
700 ## - ADDED ENTRY--PERSONAL NAME
Personal name Osterbrock, D. E., ed.
9 (RLIN) 5513
942 ## - ADDED ENTRY ELEMENTS (KOHA)
Koha item type Books
Holdings
Withdrawn status Lost status Damaged status Not for loan Home library Current library Shelving location Date acquired Total Checkouts Full call number Barcode Date last seen Price effective from Koha item type
        IIA Library-Bangalore IIA Library-Bangalore General Stacks     082.2:52/ IAU-S134 10521 05/11/2021   Books

Powered by Koha